| 000 | 00767nam a2200241 a 4500 | ||
|---|---|---|---|
| 001 | 12859 | ||
| 003 | BD-JhCC | ||
| 005 | 20230521101558.0 | ||
| 008 | 230521s2021 bg a|||| |||| 000 0 eng d | ||
| 020 | _a9789849385387 | ||
| 035 | _a(BD-JhCC)12859 | ||
| 040 |
_aBD-JhCC _dBD-JhCC |
||
| 041 | _aeng | ||
| 082 |
_a923.1 _bBAN 2021 |
||
| 245 |
_aVoice of the vortex : _bBangabandhu Sheik Mujibur Rahman / _cAdvisers by Sheik Hasina and ed. by Shamsad Mortuza |
||
| 260 |
_aDhaka : _bNymphea Publication, _c2021 |
||
| 300 |
_axi, 187 p. : _billus, color pages; _c23 cm. |
||
| 600 |
_aRahman, Bangabandhu Sheik Mujibur _d1920-1975 |
||
| 650 | _aBiography | ||
| 700 |
_aHasina, Sheik _qPrime Minister of Bangladesh |
||
| 700 | _aMortuza, Shamsad | ||
| 942 |
_2ddc _cREF |
||
| 999 |
_c12859 _d12859 |
||